000 00528nam a2200181 a 4500
001 000046629
005 20201002053019.0
008 180314s200- dr 000 0 spa d
020 _a9789945606096
040 _aDO-SdBNP
_bspa
_cBNPHU
082 _axxxx
_bR426L
110 1 _aRepública Dominicana
_9447
240 1 0 _a[Leyes, etc.]
245 1 0 _aLey No. 834-78 que otorga y modifica código procedimiento civil.
260 _aSanto Domingo :
_bDalis,
_c[s.f.].
300 _a36 p. ;
_a22 cm.
590 _aInventariado, 2018/BT
999 _c46118
_d46118